000 00983nam a2200253Ia 4500
003 OSt
005 20210114090947.0
008 191128s2011 c ad frl f001 0 spa d
020 _a9586533352
040 _aCO-JMCR
_cCO-JMCR
041 0 _aspa
082 0 4 _a343.861052044 /
_bZ36r
_223
100 1 _aZamora Vasquez, Fernando,
_eautor
_912841
240 1 0 _aLeyes, decretos, etc.
245 1 0 _aReforma tributaria comentada :
_bley 863 de 2003 /
_cFernando Zarama Vásquez
250 _aPrimera edición
260 _aBogotá :
_bLegis,
_c2004
300 _axxxi, 417 páginas :
_bgráficos a blanco y negro ;
_c24 cm.
500 _aIncluye datos del autor en páginas preliminares, índice alfabético-informativo.
505 0 _aDisposiciones en materia tributaria -- Normas antievasión -- Anexo técnico -- Texto integral de la ley 863 de 2003
650 1 4 _aLey 863 de 2003
_98615
650 1 4 _aReforma tributaria
_xlegislación
_y2003
_zColombia
_98616
942 _2ddc
_cBK
999 _c4117
_d4117